Wird geladen...

Sacred songs of India /Vol.3

Bibliographische Detailangaben
1. Verfasser: Subramanian,V K
Format: Printed Book
Sprache:English
Veröffentlicht: New Delhi, Abhinav Publications, 1999
Schlagworte:
LEADER 00560 a2200157 4500
008 150103s9999 000 0 eng
020 |a 8170173809 
082 |a 891.4 SUB/SA.3 
100 |a Subramanian,V K 
245 |a Sacred songs of India /Vol.3 
260 |a New Delhi,  |b Abhinav Publications,  |c 1999 
300 |a 319 p.: 
650 |a Devotional Poetry - Indic 
942 |c BK 
999 |c 304308  |d 304308 
952 |0 0  |1 0  |2 ddc  |4 0  |6 891_400000000000000_SUB_SA_3  |7 0  |8 MUSIC  |9 348462  |a DRA  |b DRA  |c ST1  |d 2011-06-27  |g 350.00  |i 192M  |l 0  |o 891.4 SUB/SA.3  |p DRA192M  |r 2019-01-03  |w 2019-01-03  |y BK